00610nam a22001697a 4500010003100000020002300031020002600054035003100080037001300111082000600124245007600130260003600206270009600242300003900338500001100377505005200388 aB-514594-608 B-523385-413 a8184823843c225.00 a9788184823844c225.00 aB-514594-608 B-523385-413 bUBH/Ven. aS aPoets and Thinkers /cedited by Anant pai; illustrated by Umesh Burande aMumbaibAmar Chitra Kathac2011 aThe Forum, 3rd Floor, Raghuvanshi Mill Compound, S.B. Marg, Lower Parel (W)bMumbaie400013 avarious pages.c24cm(Hb)bcol.ill. a5-In-1 aKabir, Mirabai, Ekanath, Soordas, Narayana Guru